Agathos an international review of the humanities and social sciences.

Detalles Bibliográficos
Formato: Electrónico Revista
Lenguaje:inglés
Publicado: Jassy, Romania : Agathos
Materias:
Acceso en línea:Full text available from Research Library: 01/01/2013 to present

MARC

LEADER 00000nas a2200000 a 4500
001 ssj0000578896
003 WaSeSS
005 20200512172242.0
006 m d
007 cr n
008 110601c20109999rm sr p s 0 0eng c
010 |a  2012252065 
022 |y 2069-1025 
035 |a (WaSeSS)ssj0000578896 
040 |a AU@  |b eng  |c AU@  |d WAU  |d OCLCQ  |d OCLCF  |d CUS  |d OCLCO  |d OCLCQ  |d NTG  |d WaSeSS 
042 |a pcc 
050 1 4 |a H1 
245 0 0 |a Agathos  |h [electronic resource] :  |b an international review of the humanities and social sciences. 
260 |a Jassy, Romania :  |b Agathos 
310 |a Semiannual 
362 1 |a Began with: Vol. 1, issue 1 (2010). 
506 |a License restrictions may limit access. 
588 |a Description based on: Vol. 1, issue 1 (2010); title from journal home page (publisher's Web site, viewed Jan. 17, 2012). 
588 |a Latest issue consulted: Vol. 2, issue 2 (2011) (publisher's Web site, viewed Jan. 17, 2012). 
650 0 |a Humanities  |v Periodicals. 
650 0 |a Social sciences  |v Periodicals. 
650 7 |a Humanities.  |2 fast  |0 (OCoLC)fst00963588 
650 7 |a Social sciences.  |2 fast  |0 (OCoLC)fst01122877 
655 0 |a Electronic journals. 
776 0 8 |i Print version:  |t Agathos  |x 2069-1025 
856 4 0 |z Full text available from Research Library: 01/01/2013 to present  |u https://search.proquest.com/publication/2029920